<Die> gemeinsame Fischereipolitik der Europäischen Gemeinschaften Rechtsgrundlage durch Verfassungswandel, Bestandserhaltung und Rechtsprechung
Enregistré dans:
| Auteur principal: | |
|---|---|
| Format: | Livre |
| Langue: | allemand |
| Publié: |
Köln
Heymann
1988
|
| Édition: | 1. Aufl. |
| Collection: | Studien zum öffentlichen Wirtschaftsrecht
Band 6 |
| Sujets: | |
| Tags: |
Pas de tags, Soyez le premier à ajouter un tag!
|
MARC
| LEADER | 00000nam a2200000 4500 | ||
|---|---|---|---|
| 001 | c000723 | ||
| 005 | 20221219111720.8 | ||
| 020 | |a 3-452-21360-9 | ||
| 041 | 0 | |a ger | |
| 044 | |a DE | ||
| 245 | 1 | 0 | |a <Die> gemeinsame Fischereipolitik der Europäischen Gemeinschaften |b Rechtsgrundlage durch Verfassungswandel, Bestandserhaltung und Rechtsprechung |c Hartmut Schneider |
| 250 | |a 1. Aufl. | ||
| 264 | 1 | |a Köln |b Heymann |c 1988 | |
| 300 | |a 278 s. | ||
| 490 | 1 | |a Studien zum öffentlichen Wirtschaftsrecht |v Band 6 | |
| 830 | 0 | |a Studien zum öffentlichen Wirtschaftsrecht |v Band 6 | |
| 610 | 2 | 0 | |a rybolov |
| 610 | 2 | 0 | |a Európske spoločenstvá |
| 610 | 2 | 0 | |a právo hospodárske |
| 610 | 2 | 0 | |a zmluvy medzinárodné |
| 610 | 2 | 0 | |a trh |
| 100 | 1 | |a Schneider, Hartmut | |